| 000 | 00438nam a2200181Ia 4500 | ||
|---|---|---|---|
| 001 | 17960 | ||
| 005 | 20260306171555.0 | ||
| 008 | 260306s9999||||xx |||||||||||||| ||und|| | ||
| 041 | _aESP | ||
| 082 |
_a658.3 _bM549 T. 1 |
||
| 100 |
_aMiyashiro Miyashiro, Isabel _eAUT |
||
| 245 | 0 | _aCasos peruanos de comportamiento organizacional | |
| 260 | _c2003 | ||
| 300 |
_a _c |
||
| 650 | _aGEN | ||
| 654 | _aCAN | ||
| 942 |
_cLIB _dJUS _fJUS _2ddc _n |
||
| 999 |
_c17960 _d17960 |
||